LEADER 01643nam a2200361 a 4500 001 000000124862 003 CaOOAMICUS 005 20110330134606.0 008 110330s2009 it u000 u ita r 020 $a978-88-16-40865-4 040 $aPUL$bita 082 04$a307.76 100 1 $aCottino, Paolo.$0(OLS)http://pul/name/78879 245 10$aCompetenza possibili :$bsfera pubblica e potenziali sociali nella cittą /$cPaolo Cottino ; postfazione di Pier Luigi Crosta. 260 $aMilano :$bJaca Book,$c©2009. 300 $a330 p. ;$c23 cm 490 1 $aSaggi di architettura 490 1 $aDi fronte e attraverso ;$v865 502 $aTesi di dottorato vincitrice del Premio Giovanni Ferraro nel 2005. 504 $aInclude riferimenti bibliografici. 650 4$aIndividuo e societą.$0(OLS)http://pul/subject/9277 650 4$aSocietą$xMetropoli.$0(OLS)http://pul/subject/36923 700 1 $aCrosta, Pier Luigi.$0(OLS)http://pul/name/78880 830 0$aSaggi di architettura (Jaca Book).$0(OLS)http://pul/title/157424 830 0$aDi fronte e attraverso ;$v865.$0(OLS)http://pul/title/138 850 $aPUL 852 $aPUL$W1$xSL Diritto e Scienze Sociali 3$y79$m307. 76 COTPA 1$j143780$qDDC 21$B142793$CPULBib$Z2$F142793 $H116534 $82 941 1 $a9 996 $6020$a978-88-16-40865-4$9(OLS)http://pul/number/146811 996 $6082$a307.76$9(OLS)http://pul/classification/577 996 $6245$aCompetenza possibili :$bsfera pubblica e potenziali sociali nella cittą$9(OLS)http://pul/title/157423 996 $6260$aMilano :$bJaca Book$9(OLS)http://pul/publisher/47900 LEADER 01517nam a2200373 a 4500 001 000000125434 003 CaOOAMICUS 005 20110525114435.0 008 110525s2009 gw u000 u ger r 020 $a978-3-429-04172-4 040 $aPUL$bita 041 0 $ager$alat 082 04$a189.2 245 00$aAugustinus als Richter /$cJohannes Hellebrand, Hrsg. 260 $aWürzburg :$bAugustinus-Verlag,$c©2009. 300 $a191 p. ;$c23 cm. 490 1 $aCassiciacum ;$v39,5 490 1 $aRes et signa. Augustinus-Studien ;$v5 504 $aBibliografia in nota. 546 $aTesto in tedesco e latino. 600 04$aAugustinus,$cs., vesc. d'Ippona,$d354-430.$0(OLS)http://pul/subject/758 650 4$aDiritto canonico.$0(OLS)http://pul/subject/1294 700 1 $aHellebrand, Johannes.$0(OLS)http://pul/name/79393 830 0$aCassiciacum ;$v39,5.$0(OLS)http://pul/title/5236 830 0$aRes et signa.$pAugustinus-Studien ;$v5.$0(OLS)http://pul/title/158167 850 $aPUL 852 $aPUL$W1$xSL Filosofia 3$y81$m189. 2 HELJO 1$j144459$qDDC 21$B143488$CPULBib$Z2$F143488 $H116492 $82 941 1 $a9 960 $aAgostino,$cs., vesc. d'Ippona,$d354-430$9758 996 $6020$a978-3-429-04172-4$9(OLS)http://pul/number/147285 996 $6082$a189.2$9(OLS)http://pul/classification/691 996 $6245$aAugustinus als Richter$9(OLS)http://pul/title/158166 996 $6260$aWürzburg :$bAugustinus-Verlag$9(OLS)http://pul/publisher/49964